History Quiz

Random History or Sporcle Quiz

Sporcle's Easiest History Quiz Stats

Quiz Updated Nov 27, 2015

Challenge
Share
Tweet
Embed
Score 0/30 Timer 05:00
27 Plays Today
Hint Answer % Correct
Current and Former Communist CountriesSoviet Union
94.1%
Current and Former Communist CountriesChina
86.2%
Names of English MonarchsElizabeth
86%
Names of English MonarchsHenry
82.7%
Seven Wonders of the Ancient WorldGreat Pyramid of Giza
80.2%
Olympic Host CitiesLondon (UK)
78.8%
Countries Formerly Part of the British EmpireUnited States of America
74.5%
Countries Formerly Part of the British EmpireIndia
73.9%
European Countries Not Occupied by Axis (WWII)Spain
72.3%
European Countries Not Occupied by Axis (WWII)United Kingdom
72.3%
Names of English MonarchsGeorge
70.8%
Current and Former Communist CountriesCuba
69.3%
Current and Former Communist CountriesNorth Korea
67.9%
Countries Formerly Part of the British EmpireCanada
66.7%
European Countries Not Occupied by Axis (WWII)Switzerland
66.4%
Hint Answer % Correct
European Countries Not Occupied by Axis (WWII)Portugal
66.3%
Countries Formerly Part of the British EmpireAustralia
66.3%
Olympic Host CitiesAthens (Greece)
65.1%
Olympic Host CitiesBeijing (China)
63.4%
Seven Wonders of the Ancient WorldHanging Gardens of Babylon
63.4%
Countries Formerly Part of the British EmpireIreland
62.6%
European Countries Not Occupied by Axis (WWII)Sweden
61.7%
Names of English MonarchsWilliam
56.9%
Names of English MonarchsEdward
53.9%
Current and Former Communist CountriesVietnam
53.5%
Olympic Host CitiesSydney (Australia)
48.3%
Olympic Host CitiesParis (France)
43.1%
Seven Wonders of the Ancient WorldColossus of Rhodes
37.4%
Seven Wonders of the Ancient WorldLighthouse of Alexandria
32.6%
Seven Wonders of the Ancient WorldStatue of Zeus at Olympia
21.1%

You're not logged in!

Compare scores with friends on all Sporcle quizzes.
Join for Free
OR
Log In

You Might Also Like...

Show Comments

Extras

Top Quizzes Today


Score Distribution

Your Account Isn't Verified!

In order to create a playlist on Sporcle, you need to verify the email address you used during registration. Go to your Sporcle Settings to finish the process.

Report this User

Report this user for behavior that violates our Community Guidelines.

Details: